Encyclopaedia of Science and Technology Volume 3 (Record no. 33863)

000 -LEADER
fixed length control field 00405nam a22001697a 4500
003 - CONTROL NUMBER IDENTIFIER
control field NUST
020 ## - INTERNATIONAL STANDARD BOOK NUMBER
International Standard Book Number 8124200432
038 ## - RECORD CONTENT LICENSOR
Staff Name khadija
082 ## - DEWEY DECIMAL CLASSIFICATION NUMBER
Classification number 503.21
Author Mark ENC
100 ## - MAIN ENTRY--PERSONAL NAME
Personal name Jain, R.P.
9 (RLIN) 61974
245 ## - TITLE STATEMENT
Title Encyclopaedia of Science and Technology Volume 3
260 ## - PUBLICATION, DISTRIBUTION, ETC.
Place of publication, distribution, etc. New Delhi :
Name of publisher, distributor, etc. Creast,
Date of publication, distribution, etc. 3059.
300 ## - PHYSICAL DESCRIPTION
Extent 536 p. ;
Other physical details 21 cm.
500 ## - GENERAL NOTE
General note Hardcover.
563 ## - BINDING INFORMATION
Binding note hard cover
942 ## - ADDED ENTRY ELEMENTS (KOHA)
Koha item type Book
Source of classification or shelving scheme
Holdings
Withdrawn status Lost status Source of classification or shelving scheme Damaged status Not for loan Permanent Location Current Location Shelving location Date acquired Full call number Barcode Date last seen Price effective from Koha item type Public note
          School of Mechanical & Manufacturing Engineering (SMME) School of Mechanical & Manufacturing Engineering (SMME) Reference 05/18/2016 503.21 ENC SMME-3063 03/29/2018 05/18/2016 Book Rack,9-Shelf,2
          School of Mechanical & Manufacturing Engineering (SMME) School of Mechanical & Manufacturing Engineering (SMME) Reference 05/18/2016 503.21 ENC SMME-3062 03/29/2018 05/18/2016 Book Rack,9-Shelf,2
          School of Mechanical & Manufacturing Engineering (SMME) School of Mechanical & Manufacturing Engineering (SMME) Reference 05/18/2016 503.21 ENC SMME-3061 03/29/2018 05/18/2016 Book Rack,9-Shelf,2
          School of Mechanical & Manufacturing Engineering (SMME) School of Mechanical & Manufacturing Engineering (SMME) Reference 05/18/2016 503.21 ENC SMME-3060 03/29/2018 05/18/2016 Book Rack,9-Shelf,2
          School of Mechanical & Manufacturing Engineering (SMME) School of Mechanical & Manufacturing Engineering (SMME) Reference 05/18/2016 503.21 ENC SMME-3059 03/29/2018 05/18/2016 Book Rack,9-Shelf,2
© 2023 Central Library, National University of Sciences and Technology. All Rights Reserved.